University Home | Library Home | Institutional Repository

Collection Art, vie et sciences au Canada franais, sous la direction de Genevieve de La Tour Fondue-Smith / (Record no. 202359)

MARC details
000 -LEADER
fixed length control field 01229cam7a220024101 4500
001 - CONTROL NUMBER
control field tmp15412916
003 - CONTROL NUMBER IDENTIFIER
control field UPRA
005 - DATE AND TIME OF LATEST TRANSACTION
control field 20190830130017.0
008 - FIXED-LENGTH DATA ELEMENTS--GENERAL INFORMATION
fixed length control field 950809s1964 quc fre u
035 ## - SYSTEM CONTROL NUMBER
System control number (Sirsi) r30788
035 ## - SYSTEM CONTROL NUMBER
System control number (UPRA)tmp15412916
040 ## - CATALOGING SOURCE
Transcribing agency UPRA
245 00 - TITLE STATEMENT
Title Collection Art, vie et sciences au Canada franais, sous la direction de Genevieve de La Tour Fondue-Smith /
Statement of responsibility, etc. 2e tirage.
260 ## - PUBLICATION, DISTRIBUTION, ETC.
Place of publication, distribution, etc. Quebec :
Name of publisher, distributor, etc. Ministere des affaires culturelles,
Date of publication, distribution, etc. 1964.
505 0# - FORMATTED CONTENTS NOTE
Formatted contents note 1. Panorama des lettres canadiennes-francaises / par G. Sylvestre -- 2. Le the^atre au Canada francais / par J. Hamelin -- 3. La peinture moderne au Canada francais / par G. Viau -- 4. La vie musicale au Canada francais / par A. Lasalle-Leduc -- 5. La vie des sciences au Canada francais / par C. Ouellet -- 6. L'essor des sciences sociales au Canada francais / par J.C. Falardeau.
949 ## - LOCAL PROCESSING INFORMATION (OCLC)
a F1021
w lcc
i -34676
m MAIN
t BOOK
l ON-SHELF
949 ## - LOCAL PROCESSING INFORMATION (OCLC)
a F1021
w lcc
i -34677
m MAIN
t BOOK
l ON-SHELF
949 ## - LOCAL PROCESSING INFORMATION (OCLC)
a F1021
w lcc
i -34678
m MAIN
t BOOK
l ON-SHELF
949 ## - LOCAL PROCESSING INFORMATION (OCLC)
a F1021
w lcc
i -34679
m MAIN
t BOOK
l ON-SHELF
949 ## - LOCAL PROCESSING INFORMATION (OCLC)
a F1021
w lcc
i -34680
m MAIN
t BOOK
l ON-SHELF
949 ## - LOCAL PROCESSING INFORMATION (OCLC)
a F1021
w lcc
i -34681
m MAIN
t BOOK
l ON-SHELF

No items available.

© 2026 - The University of Zambia Library - Koha v25.11